The British Press : (Record no. 335)
[ view plain ]
| 000 -LEADER | |
|---|---|
| fixed length control field | 00482 am a2200169ui 4500 |
| 001 - CONTROL NUMBER | |
| control field | 26859 |
| 005 - DATE AND TIME OF LATEST TRANSACTION | |
| control field | 20200421093827.0 |
| 008 - FIXED-LENGTH DATA ELEMENTS--GENERAL INFORMATION | |
| fixed length control field | 781013s1978 enka || 001 ||eng |
| 020 ## - INTERNATIONAL STANDARD BOOK NUMBER | |
| International Standard Book Number | 0333234596 |
| 082 04 - DEWEY DECIMAL CLASSIFICATION NUMBER | |
| Classification number | 079.41 |
| 245 14 - TITLE STATEMENT | |
| Title | The British Press : |
| Remainder of title | a manifesto / |
| Statement of responsibility, etc. | edited by James Curran. |
| 260 ## - PUBLICATION, DISTRIBUTION, ETC. | |
| Place of publication, distribution, etc. | London : |
| Name of publisher, distributor, etc. | Macmillan [for the] Acton Society Press Group, |
| Date of publication, distribution, etc. | 1978. |
| 300 ## - PHYSICAL DESCRIPTION | |
| Extent | x |
| 650 #0 - SUBJECT ADDED ENTRY--TOPICAL TERM | |
| Topical term or geographic name entry element | Press |
| Geographic subdivision | Great Britain. |
| 9 (RLIN) | 1675 |
| 700 1# - ADDED ENTRY--PERSONAL NAME | |
| Personal name | Curran, James, |
| Dates associated with a name | 1945-. |
| 942 ## - ADDED ENTRY ELEMENTS (KOHA) | |
| Source of classification or shelving scheme | Dewey Decimal Classification |
| Koha item type | Books |
| Withdrawn status | Lost status | Damaged status | Not for loan | Collection | Home library | Current library | Shelving location | Date acquired | Barcode | Date last seen | Price effective from | Koha item type |
|---|---|---|---|---|---|---|---|---|---|---|---|---|
| Reference | Centerville | Centerville | General stacks | 09/04/2014 | 39999000014570 | 09/04/2014 | 09/04/2014 | Books | ||||
| Reference | Centerville | Centerville | General stacks | 09/04/2014 | 39999000014631 | 09/04/2014 | 09/04/2014 | Books | ||||
| Reference | Fairview | Fairview | General stacks | 09/04/2014 | 39999000014594 | 09/04/2014 | 09/04/2014 | Books | ||||
| Reference | Midway | Midway | General stacks | 09/04/2014 | 39999000014617 | 09/04/2014 | 09/04/2014 | Books |